<?xml version="1.0" encoding="UTF-8"?><?xml-stylesheet type="text/xsl" href="static/style.xsl"?><OAI-PMH xmlns="http://www.openarchives.org/OAI/2.0/" xmlns:xsi="http://www.w3.org/2001/XMLSchema-instance" xsi:schemaLocation="http://www.openarchives.org/OAI/2.0/ http://www.openarchives.org/OAI/2.0/OAI-PMH.xsd"><responseDate>2026-04-13T04:13:44Z</responseDate><request verb="GetRecord" identifier="oai:www.recercat.cat:20.500.14226/404" metadataPrefix="marc">https://recercat.cat/oai/request</request><GetRecord><record><header><identifier>oai:recercat.cat:20.500.14226/404</identifier><datestamp>2026-01-15T12:11:49Z</datestamp><setSpec>com_2072_482492</setSpec><setSpec>com_2072_482491</setSpec><setSpec>com_2072_5211</setSpec><setSpec>col_2072_482495</setSpec></header><metadata><record xmlns="http://www.loc.gov/MARC21/slim" xmlns:dcterms="http://purl.org/dc/terms/" xmlns:xsi="http://www.w3.org/2001/XMLSchema-instance" xmlns:doc="http://www.lyncode.com/xoai" xsi:schemaLocation="http://www.loc.gov/MARC21/slim http://www.loc.gov/standards/marcxml/schema/MARC21slim.xsd">
   <leader>00925njm 22002777a 4500</leader>
   <datafield ind2=" " ind1=" " tag="042">
      <subfield code="a">dc</subfield>
   </datafield>
   <datafield ind2=" " ind1=" " tag="720">
      <subfield code="a">Pereda, Noemí</subfield>
      <subfield code="e">author</subfield>
   </datafield>
   <datafield ind2=" " ind1=" " tag="720">
      <subfield code="a">Hombrado Trenado, Jaume</subfield>
      <subfield code="e">author</subfield>
   </datafield>
   <datafield ind2=" " ind1=" " tag="720">
      <subfield code="a">Arias Díaz-Faes, Diego</subfield>
      <subfield code="e">author</subfield>
   </datafield>
   <datafield ind2=" " ind1=" " tag="720">
      <subfield code="a">Codina, Marta</subfield>
      <subfield code="e">author</subfield>
   </datafield>
   <datafield ind2=" " ind1=" " tag="720">
      <subfield code="a">Greco Soulard, Ana Martina</subfield>
      <subfield code="e">author</subfield>
   </datafield>
   <datafield ind2=" " ind1=" " tag="720">
      <subfield code="a">Sicilia Matas, Laura</subfield>
      <subfield code="e">author</subfield>
   </datafield>
   <datafield ind2=" " ind1=" " tag="260">
      <subfield code="c">2022</subfield>
   </datafield>
   <datafield ind2=" " ind1=" " tag="520">
      <subfield code="a">Aquesta investigació ha analitzat la prevalença d’experiències adverses i de victimització experimentades al llarg de la infància i l'edat adulta primerenca, així com l'impacte d'aquestes experiències en els comportaments de risc i problemes de salut física i psicosocial dels joves. La mostra està formada per 231 participants (47 homes i 181 dones) majors de 18 anys (M = 19,58, DT = 2,99), estudiants de grau de la Universitat de Barcelona, autoidentificats com a pertanyents a una minoria sexual (20,3% homosexual –gai o lesbiana–, 74% bisexual, 1,3% asexual i 4,3% no definit). La majoria d’aquestes persones han patit almenys una experiència adversa (92,2%) al llarg de la seva vida i presenten una mitjana de 4,15 (DT = 3,12) experiències adverses en comparació a les 3,16 (DT = 2,75) dels heterosexuals. Els problemes de salut i conductes de risc sanitari dels joves classificats com a ACE (instrument Adverse Childhood Experiences) alt -4 o més experiències- són més elevats en les minories sexuals. Tots aquells participants que es troben dins del grup d’ACE alt tenen significativament major probabilitat de consumir medicaments sense recepta mèdica (OR = 3,77[1,75-8,83]), d’utilitzar internet, el telèfon mòbil o qualsevol altra TIC per enviar o penjar material íntim o sexual propi o buscar contacte sexual en línia amb desconeguts (OR = 3,77[2,15-6,76]) i de tenir pensaments (OR = 2,61[1,52-4,52]) i conductes suïcides (OR = 2,55[1,45-4,55]). La prevenció de les experiències adverses en els joves pertanyents al col·lectiu LGB és una necessitat a la que cal donar resposta en el nostre país.</subfield>
   </datafield>
   <datafield ind1="8" ind2=" " tag="024">
      <subfield code="a">https://hdl.handle.net/20.500.14226/404</subfield>
   </datafield>
   <datafield tag="653" ind2=" " ind1=" ">
      <subfield code="a">Experiències adverses</subfield>
   </datafield>
   <datafield tag="653" ind2=" " ind1=" ">
      <subfield code="a">Victimització</subfield>
   </datafield>
   <datafield tag="653" ind2=" " ind1=" ">
      <subfield code="a">Polivictimització</subfield>
   </datafield>
   <datafield tag="653" ind2=" " ind1=" ">
      <subfield code="a">Minories sexuals</subfield>
   </datafield>
   <datafield tag="653" ind2=" " ind1=" ">
      <subfield code="a">Salut mental</subfield>
   </datafield>
   <datafield tag="653" ind2=" " ind1=" ">
      <subfield code="a">Estigma (Psicologia social)</subfield>
   </datafield>
   <datafield tag="653" ind2=" " ind1=" ">
      <subfield code="a">Discriminació</subfield>
   </datafield>
   <datafield ind2="0" ind1="0" tag="245">
      <subfield code="a">Victimització al llarg de la vida en joves catalans pertanyents a minories sexuals: Una aproximació a la xifra negra en els delictes d’odi</subfield>
   </datafield>
</record></metadata></record></GetRecord></OAI-PMH>